<?xml version="1.0" encoding="UTF-8"?>
<collection xmlns="http://www.loc.gov/MARC21/slim">
<record>
  <controlfield tag="001">94535</controlfield>
  <controlfield tag="005">20221004075841.0</controlfield>
  <datafield tag="024" ind1="7" ind2=" ">
    <subfield code="2">doi</subfield>
    <subfield code="a">10.3390/su12135397</subfield>
  </datafield>
  <datafield tag="024" ind1="8" ind2=" ">
    <subfield code="2">sideral</subfield>
    <subfield code="a">118416</subfield>
  </datafield>
  <datafield tag="037" ind1=" " ind2=" ">
    <subfield code="a">ART-2020-118416</subfield>
  </datafield>
  <datafield tag="041" ind1=" " ind2=" ">
    <subfield code="a">eng</subfield>
  </datafield>
  <datafield tag="100" ind1=" " ind2=" ">
    <subfield code="a">Lozano Blasco, Raquel</subfield>
    <subfield code="u">Universidad de Zaragoza</subfield>
    <subfield code="0">(orcid)0000-0002-0100-1449</subfield>
  </datafield>
  <datafield tag="245" ind1=" " ind2=" ">
    <subfield code="a">Social network addiction and its impact on anxiety level among university students</subfield>
  </datafield>
  <datafield tag="260" ind1=" " ind2=" ">
    <subfield code="c">2020</subfield>
  </datafield>
  <datafield tag="506" ind1="0" ind2=" ">
    <subfield code="a">Access copy available to the general public</subfield>
    <subfield code="f">Unrestricted</subfield>
  </datafield>
  <datafield tag="520" ind1="3" ind2=" ">
    <subfield code="a">Despite the obvious favorable effects of social networking sites, there is a risk of developing behavioral addictions. This study aims to analyze addiction to social networks and its relationship with anxiety. A sample (n = 361) of university students (undergraduate, master’s and doctoral) comprising 87.5% women and 12.5% men with a mean age of 32.58 (SD = 12.03) and 32.36
(SD = 10.21),respectively, was included. Addiction to social networks was measured using the Social Network Addiction (SNA) questionnaire and anxiety was measured using Spanish adaptation of the Beck Anxiety Inventory (BAI Test). The regression results show how concurrent moderating variables such as age (adulthood) predispose individuals to addiction in some way (Model 5,
explained 13.5%, R2= 0.135, p = 0.040). Similarly, we found that the aspect of addiction that generates anxiety is an obsession with social networks. Anxiety arises as excessive use decreases, similar to abstinence syndrome. It is concluded that the harmlessness of social networks and their inappropriate use can lead to behavioral addiction.</subfield>
  </datafield>
  <datafield tag="540" ind1=" " ind2=" ">
    <subfield code="9">info:eu-repo/semantics/openAccess</subfield>
    <subfield code="a">by</subfield>
    <subfield code="u">http://creativecommons.org/licenses/by/3.0/es/</subfield>
  </datafield>
  <datafield tag="590" ind1=" " ind2=" ">
    <subfield code="a">3.251</subfield>
    <subfield code="b">2020</subfield>
  </datafield>
  <datafield tag="591" ind1=" " ind2=" ">
    <subfield code="a">ENVIRONMENTAL SCIENCES</subfield>
    <subfield code="b">124 / 273 = 0.454</subfield>
    <subfield code="c">2020</subfield>
    <subfield code="d">Q2</subfield>
    <subfield code="e">T2</subfield>
  </datafield>
  <datafield tag="591" ind1=" " ind2=" ">
    <subfield code="a">ENVIRONMENTAL STUDIES</subfield>
    <subfield code="b">60 / 125 = 0.48</subfield>
    <subfield code="c">2020</subfield>
    <subfield code="d">Q2</subfield>
    <subfield code="e">T2</subfield>
  </datafield>
  <datafield tag="591" ind1=" " ind2=" ">
    <subfield code="a">GREEN &amp; SUSTAINABLE SCIENCE &amp; TECHNOLOGY</subfield>
    <subfield code="b">30 / 44 = 0.682</subfield>
    <subfield code="c">2020</subfield>
    <subfield code="d">Q3</subfield>
    <subfield code="e">T3</subfield>
  </datafield>
  <datafield tag="591" ind1=" " ind2=" ">
    <subfield code="a">GREEN &amp; SUSTAINABLE SCIENCE &amp; TECHNOLOGY</subfield>
    <subfield code="b">6 / 9 = 0.667</subfield>
    <subfield code="c">2020</subfield>
    <subfield code="d">Q3</subfield>
    <subfield code="e">T3</subfield>
  </datafield>
  <datafield tag="592" ind1=" " ind2=" ">
    <subfield code="a">0.611</subfield>
    <subfield code="b">2020</subfield>
  </datafield>
  <datafield tag="593" ind1=" " ind2=" ">
    <subfield code="a">Energy Engineering and Power Technology</subfield>
    <subfield code="c">2020</subfield>
    <subfield code="d">Q1</subfield>
  </datafield>
  <datafield tag="593" ind1=" " ind2=" ">
    <subfield code="a">Environmental Science (miscellaneous)</subfield>
    <subfield code="c">2020</subfield>
    <subfield code="d">Q1</subfield>
  </datafield>
  <datafield tag="593" ind1=" " ind2=" ">
    <subfield code="a">Renewable Energy, Sustainability and the Environment</subfield>
    <subfield code="c">2020</subfield>
    <subfield code="d">Q1</subfield>
  </datafield>
  <datafield tag="593" ind1=" " ind2=" ">
    <subfield code="a">Management, Monitoring, Policy and Law</subfield>
    <subfield code="c">2020</subfield>
    <subfield code="d">Q1</subfield>
  </datafield>
  <datafield tag="593" ind1=" " ind2=" ">
    <subfield code="a">Geography, Planning and Development</subfield>
    <subfield code="c">2020</subfield>
    <subfield code="d">Q1</subfield>
  </datafield>
  <datafield tag="655" ind1=" " ind2="4">
    <subfield code="a">info:eu-repo/semantics/article</subfield>
    <subfield code="v">info:eu-repo/semantics/publishedVersion</subfield>
  </datafield>
  <datafield tag="700" ind1=" " ind2=" ">
    <subfield code="a">Latorre Cosculluela, Cecilia</subfield>
    <subfield code="u">Universidad de Zaragoza</subfield>
    <subfield code="0">(orcid)0000-0002-6083-8759</subfield>
  </datafield>
  <datafield tag="700" ind1=" " ind2=" ">
    <subfield code="a">Quílez Robres, Alberto</subfield>
    <subfield code="u">Universidad de Zaragoza</subfield>
    <subfield code="0">(orcid)0000-0001-8473-8114</subfield>
  </datafield>
  <datafield tag="710" ind1="2" ind2=" ">
    <subfield code="1">4001</subfield>
    <subfield code="2">215</subfield>
    <subfield code="a">Universidad de Zaragoza</subfield>
    <subfield code="b">Dpto. Ciencias de la Educación</subfield>
    <subfield code="c">Área Didáctica y Organiz. Esc.</subfield>
  </datafield>
  <datafield tag="710" ind1="2" ind2=" ">
    <subfield code="1">4001</subfield>
    <subfield code="2">625</subfield>
    <subfield code="a">Universidad de Zaragoza</subfield>
    <subfield code="b">Dpto. Ciencias de la Educación</subfield>
    <subfield code="c">Área Métod.Invest.Diag.Educac.</subfield>
  </datafield>
  <datafield tag="710" ind1="2" ind2=" ">
    <subfield code="1">4001</subfield>
    <subfield code="2">805</subfield>
    <subfield code="a">Universidad de Zaragoza</subfield>
    <subfield code="b">Dpto. Ciencias de la Educación</subfield>
    <subfield code="c">Área Teoría e Histª. Educación</subfield>
  </datafield>
  <datafield tag="773" ind1=" " ind2=" ">
    <subfield code="g">12, 13 (2020), 5397  [16 pp.]</subfield>
    <subfield code="p">Sustainability (Basel)</subfield>
    <subfield code="t">Sustainability (Switzerland)</subfield>
    <subfield code="x">2071-1050</subfield>
  </datafield>
  <datafield tag="856" ind1="4" ind2=" ">
    <subfield code="s">451300</subfield>
    <subfield code="u">http://zaguan.unizar.es/record/94535/files/texto_completo.pdf</subfield>
    <subfield code="y">Versión publicada</subfield>
  </datafield>
  <datafield tag="856" ind1="4" ind2=" ">
    <subfield code="s">462931</subfield>
    <subfield code="u">http://zaguan.unizar.es/record/94535/files/texto_completo.jpg?subformat=icon</subfield>
    <subfield code="x">icon</subfield>
    <subfield code="y">Versión publicada</subfield>
  </datafield>
  <datafield tag="909" ind1="C" ind2="O">
    <subfield code="o">oai:zaguan.unizar.es:94535</subfield>
    <subfield code="p">articulos</subfield>
    <subfield code="p">driver</subfield>
  </datafield>
  <datafield tag="951" ind1=" " ind2=" ">
    <subfield code="a">2022-10-03-13:39:27</subfield>
  </datafield>
  <datafield tag="980" ind1=" " ind2=" ">
    <subfield code="a">ARTICLE</subfield>
  </datafield>
</record>
</collection>